| 000 | 00537nam a2200133Ia 4500 | ||
|---|---|---|---|
| 008 | 220620s9999||||xx |||||||||||||| ||und|| | ||
| 022 | _a16648714 | ||
| 100 | _aJose A. Armengol||Salvador Martinez | ||
| 245 | 4 | _aThe Cerebellum: From Development to Learning | |
| 546 | _aEnglish[eng] | ||
| 650 | _amotor learning||Cerebellar genoarchitecture||Cerebellar malformation||Cerebellar histogenesis||cerebellum development | ||
| 856 | _uhttp://journal.frontiersin.org/researchtopic/269/the-cerebellum-from-development-to-learning | ||
| 942 | _cEB | ||
| 999 |
_c31123 _d31123 |
||